000 00546nam a2200217Ia 4500
003 OSt
005 20220928143043.0
006 a|||||r|||| 00| 0
007 ta
008 220927b |||||||| |||| 00| 0 eng d
024 _a20773
037 _cTextual
040 _aSDCL
_cSDCL
_beng
041 _2eng
_aeng
082 _aW691y7M18, N1
100 _aMaitra Kiran
_9504394
245 0 _aRoy comintern and Marxism in India
260 _c1991
942 _hW691y7M18, N1
_cTEXL
_2CC
999 _c822871
_d822871